<?xml version="1.0" encoding="UTF-8"?>
<record
    xmlns:xsi="http://www.w3.org/2001/XMLSchema-instance"
    xsi:schemaLocation="http://www.loc.gov/MARC21/slim http://www.loc.gov/standards/marcxml/schema/MARC21slim.xsd"
    xmlns="http://www.loc.gov/MARC21/slim">

  <leader>03257nam a2200265 a 4500</leader>
  <controlfield tag="001">000015090</controlfield>
  <controlfield tag="005">20240304103305.0</controlfield>
  <controlfield tag="008">100201s2004    dr      r     001 0 spa d</controlfield>
  <datafield tag="040" ind1=" " ind2=" ">
    <subfield code="a">DO-SdBNP</subfield>
    <subfield code="b">spa</subfield>
    <subfield code="c">BNPHU</subfield>
  </datafield>
  <datafield tag="082" ind1=" " ind2=" ">
    <subfield code="a">363.7</subfield>
    <subfield code="b">S446e</subfield>
  </datafield>
  <datafield tag="245" ind1="0" ind2="3">
    <subfield code="a">La Secretar&#xED;a de Estado de Medio Ambiente y Recursos Naturales en el escenario internacional /</subfield>
    <subfield code="c">coordinaci&#xF3;n y redacci&#xF3;n F&#xE9;lix Fern&#xE1;ndez ; edici&#xF3;n Jeannette Canals.</subfield>
  </datafield>
  <datafield tag="260" ind1=" " ind2=" ">
    <subfield code="a">Santo Domingo :</subfield>
    <subfield code="b">La Uni&#xF3;n,</subfield>
    <subfield code="c">2004.</subfield>
  </datafield>
  <datafield tag="300" ind1=" " ind2=" ">
    <subfield code="a">127 p. ;</subfield>
    <subfield code="a">23n cm.</subfield>
  </datafield>
  <datafield tag="504" ind1=" " ind2=" ">
    <subfield code="a">Incluye referencias bibliogr&#xE1;ficas y notas al pie de p&#xE1;ginas.</subfield>
  </datafield>
  <datafield tag="505" ind1="0" ind2=" ">
    <subfield code="g">Introducci&#xF3;n --</subfield>
    <subfield code="t">Compromisos internacionales de la Rep&#xFA;blica Dominicana relativos al medio ambiente y los recursos naturales:</subfield>
    <subfield code="t">Convenio de Basilea sobre el Control de Movimientos Transfronterizos de los Desechos Peligrosos y su eliminaci&#xF3;n --</subfield>
    <subfield code="t">Convenci&#xF3;n Oceanogr&#xE1;fica Intergubernamental (COI) --</subfield>
    <subfield code="t">Convenci&#xF3;n de Viena para la Protecci&#xF3;n de la Capa de Ozono --</subfield>
    <subfield code="t">Protocolo de Montreal relativo a las sustancias que agotan la capa de ozono --</subfield>
    <subfield code="t">Convenci&#xF3;n marco de las Naciones Unidas sobre el cambio clim&#xE1;tico --</subfield>
    <subfield code="t">Convenci&#xF3;n sobre Diversidad Biol&#xF3;gica --</subfield>
    <subfield code="t">Protocolo de Cartagena sobre Seguridad de la Biotecnolog&#xED;a --</subfield>
    <subfield code="t">Convenci&#xF3;n sobre Comercio Internacional de Especies Amenazadas de Fauna y Flora Silvestres (CITES) --</subfield>
    <subfield code="t">Protocolo de Kyoto de la Convenci&#xF3;n Marco de las Naciones Unidas sobre cambio clim&#xE1;tico --</subfield>
    <subfield code="t">Panel intergubernamental sobre Cambio Clim&#xE1;tico (IPCC)</subfield>
    <subfield code="t">Convenci&#xF3;n de las Naciones Unidas de lucha contra la desertificaci&#xF3;n y la sequ&#xED;a --</subfield>
    <subfield code="t">Convenci&#xF3;n relativa a los humedales de importancia internacional, especialmente como h&#xE1;bitat de aves acu&#xE1;ticas (RAMSAR) --</subfield>
    <subfield code="t">Convenci&#xF3;n para la Protecci&#xF3;n y el Desarrollo del Medio Marino en la Regi&#xF3;n del Gran Caribe (Convenio de Cartagena) --</subfield>
    <subfield code="t">Protocolo concerniente a fuentes de contaminaci&#xF3;n marina procedente de fuentes y actividades terrestres --</subfield>
    <subfield code="t">Protocolo relativo a las &#xC1;reas y Flora y Fauna Silvestres especialmente protegidas del Convenio para la Protecci&#xF3;n y el Desarrollo del Medio Marino de la Regi&#xF3;n del Gran Caribe (SPAW) --</subfield>
  </datafield>
  <datafield tag="505" ind1="0" ind2=" ">
    <subfield code="t">Protocolo concerniente al Derrame de Hidrocarburos --</subfield>
    <subfield code="t">Convenci&#xF3;n para la Prevenci&#xF3;n de la Contaminaci&#xF3;n Marina por Descarga de Desechos y otras Sustancias (MARPOL) --</subfield>
    <subfield code="t">Convenio de Rotterdam sobre procedimiento de consentimiento previo fundamentado aplicable a ciertos plaguicidas y productos qu&#xED;micos peligrosos objeto de comercio internacional --</subfield>
    <subfield code="t">Convenci&#xF3;n de Estocolmo sobre Contaminantes Org&#xE1;nicos Persistentes (POPs) --</subfield>
    <subfield code="t">Red de Formaci&#xF3;n Ambiental en Am&#xE9;rica Latina --</subfield>
    <subfield code="t">Global Environment Fund (GEF) --</subfield>
    <subfield code="t">Comisi&#xF3;n Forestal de Am&#xE9;rica Latina y el Caribe (COFLAC) -</subfield>
    <subfield code="t">Foro de Bosques de las Naciones Unidas --</subfield>
    <subfield code="g">Anexos.</subfield>
  </datafield>
  <datafield tag="590" ind1=" " ind2=" ">
    <subfield code="a">Inventariado, 2018/BT</subfield>
  </datafield>
  <datafield tag="650" ind1=" " ind2="4">
    <subfield code="a">Protecci&#xF3;n del medio ambiente</subfield>
    <subfield code="x">Tratados</subfield>
    <subfield code="9">34171</subfield>
  </datafield>
  <datafield tag="650" ind1=" " ind2="4">
    <subfield code="a">Adhesi&#xF3;n a tratados</subfield>
    <subfield code="z">Rep&#xFA;blica Dominicana</subfield>
    <subfield code="9">34172</subfield>
  </datafield>
  <datafield tag="651" ind1=" " ind2="4">
    <subfield code="a">Rep&#xFA;blica Dominicana</subfield>
    <subfield code="x">Tratados Internacionales</subfield>
    <subfield code="9">9650</subfield>
  </datafield>
  <datafield tag="700" ind1="1" ind2=" ">
    <subfield code="a">Fern&#xE1;ndez, F&#xE9;lix,</subfield>
    <subfield code="e">coord.</subfield>
    <subfield code="9">11384</subfield>
  </datafield>
  <datafield tag="700" ind1="1" ind2=" ">
    <subfield code="a">Canals, Jeannette,</subfield>
    <subfield code="e">ed.</subfield>
    <subfield code="9">10203</subfield>
  </datafield>
  <datafield tag="710" ind1="1" ind2=" ">
    <subfield code="a">Rep&#xFA;blica Dominicana.</subfield>
    <subfield code="b"> Secretar&#xED;a de Estado de Medio Ambiente y Recursos Naturales</subfield>
    <subfield code="9">14503</subfield>
  </datafield>
  <datafield tag="910" ind1=" " ind2=" ">
    <subfield code="a">Validado. Control de calidad. EMS</subfield>
  </datafield>
  <datafield tag="952" ind1=" " ind2=" ">
    <subfield code="0">0</subfield>
    <subfield code="1">0</subfield>
    <subfield code="5">4</subfield>
    <subfield code="7">0</subfield>
    <subfield code="8">DS</subfield>
    <subfield code="a">GR</subfield>
    <subfield code="b">GR</subfield>
    <subfield code="c">HD</subfield>
    <subfield code="d">2010-02-01</subfield>
    <subfield code="i">LF1</subfield>
    <subfield code="l">0</subfield>
    <subfield code="o">363.7 S446e</subfield>
    <subfield code="p">15090-30</subfield>
    <subfield code="r">2020-06-25</subfield>
    <subfield code="t">e. 3</subfield>
    <subfield code="w">2020-06-25</subfield>
    <subfield code="y">LFDS</subfield>
    <subfield code="Z">Pr&#xE9;stamo en sala</subfield>
  </datafield>
  <datafield tag="952" ind1=" " ind2=" ">
    <subfield code="0">0</subfield>
    <subfield code="1">0</subfield>
    <subfield code="5">4</subfield>
    <subfield code="7">0</subfield>
    <subfield code="8">DS</subfield>
    <subfield code="a">GR</subfield>
    <subfield code="b">GR</subfield>
    <subfield code="c">HD</subfield>
    <subfield code="d">2010-02-01</subfield>
    <subfield code="i">LF1</subfield>
    <subfield code="l">0</subfield>
    <subfield code="o">363.7 S446e</subfield>
    <subfield code="p">15090-40</subfield>
    <subfield code="r">2020-06-25</subfield>
    <subfield code="t">e. 4</subfield>
    <subfield code="w">2020-06-25</subfield>
    <subfield code="y">LFDS</subfield>
    <subfield code="Z">Pr&#xE9;stamo en sala</subfield>
  </datafield>
  <datafield tag="952" ind1=" " ind2=" ">
    <subfield code="0">0</subfield>
    <subfield code="1">0</subfield>
    <subfield code="5">4</subfield>
    <subfield code="7">0</subfield>
    <subfield code="8">DS</subfield>
    <subfield code="a">GR</subfield>
    <subfield code="b">GR</subfield>
    <subfield code="c">HD</subfield>
    <subfield code="d">2010-02-01</subfield>
    <subfield code="i">LF1</subfield>
    <subfield code="l">0</subfield>
    <subfield code="o">363.7 S446e</subfield>
    <subfield code="p">15090-50</subfield>
    <subfield code="r">2020-06-25</subfield>
    <subfield code="t">e. 5</subfield>
    <subfield code="w">2020-06-25</subfield>
    <subfield code="y">LFDS</subfield>
    <subfield code="Z">Pr&#xE9;stamo en sala</subfield>
  </datafield>
  <datafield tag="952" ind1=" " ind2=" ">
    <subfield code="0">0</subfield>
    <subfield code="1">0</subfield>
    <subfield code="7">1</subfield>
    <subfield code="8">PD</subfield>
    <subfield code="a">PD</subfield>
    <subfield code="b">PD</subfield>
    <subfield code="c">HD</subfield>
    <subfield code="d">2010-02-01</subfield>
    <subfield code="i">LF1</subfield>
    <subfield code="l">0</subfield>
    <subfield code="o">363.7 S446e</subfield>
    <subfield code="p">15090-10</subfield>
    <subfield code="r">2020-06-25</subfield>
    <subfield code="w">2020-06-25</subfield>
    <subfield code="y">LFPD</subfield>
    <subfield code="Z">No se presta</subfield>
  </datafield>
  <datafield tag="952" ind1=" " ind2=" ">
    <subfield code="0">0</subfield>
    <subfield code="1">0</subfield>
    <subfield code="7">1</subfield>
    <subfield code="8">PD</subfield>
    <subfield code="a">PD</subfield>
    <subfield code="b">PD</subfield>
    <subfield code="c">HD</subfield>
    <subfield code="d">2010-02-01</subfield>
    <subfield code="i">LF1</subfield>
    <subfield code="l">0</subfield>
    <subfield code="o">363.7 S446e</subfield>
    <subfield code="p">15090-20</subfield>
    <subfield code="r">2020-06-25</subfield>
    <subfield code="t">e. 2</subfield>
    <subfield code="w">2020-06-25</subfield>
    <subfield code="y">LFPD</subfield>
    <subfield code="Z">No se presta</subfield>
  </datafield>
  <datafield tag="999" ind1=" " ind2=" ">
    <subfield code="c">14662</subfield>
    <subfield code="d">14662</subfield>
  </datafield>
</record>
